O Planeta Terra (Registo nº 958)
[ vista simples ]
| 000 -Etiqueta do registo | |
|---|---|
| Cabeçalho | 01499nam0a2200385 i 4500 |
| 005 - Identificador da versão | |
| Campo de controlo | 20240813121820.0 |
| 021 ## - Número do Depósito Legal | |
| Código do país | PT |
| 035 ## - Other System Control Numbers | |
| System Control Number | 0001023 |
| System Control Number | 0001006 |
| 071 0# - Número do editor (registos sonoros e música) | |
| Número do editor | 144/07 |
| 100 ## - Dados gerais de processamento | |
| Dados gerais de processamento | 20091126d2007 m y0pory5003 ba |
| 102 ## - Pais de publicação ou produção | |
| País de publicação | Portugal |
| 101 0# - Língua de publicação | |
| Língua do texto, banda sonora, etc. | Inglês |
| Língua do documento no original | Inglês |
| Língua das legendas | Português |
| 115 ## - Campo de dados codificados: Projecções Visuais, Filmes e Vídeos | |
| Dados modificados - geral | c700bbz zzz ezxxc |
| 106 ## - Campo de dados codificados: material textual | |
| Dados codificados do material textual | r |
| 105 ## - Campo de dados codificados: livros | |
| Dados codificados dos livros | y z 001yy |
| 215 ## - Descrição física | |
| Indicação específica da natureza do documento e extensão da espécie | 6 DVD (Pal 2) (700 min.) |
| Dimensões | cm |
| 200 1# - Titulo e menção de responsabilidade | |
| Título próprio | O Planeta Terra |
| Informação de outro título | como nunca antes viu |
| 205 ## - Menção da edição | |
| Menção da edição | ª ed |
| 210 ## - Publicação, Distribuição, etc. | |
| Lugar da edição, distribuição, etc. | PT |
| Nome do editor, distribuidor, etc. | Lusomundo (distribuidor) |
| Data da publicação, distribuição, etc. | 2007 |
| 306 ## - Notas relativas a publicação, distribuição, etc. | |
| Texto da nota | Distribuidor cinema: Lusomundo AudioVisuais |
| 305 ## - Notas relativas à edição e história bibliográfica da publicação | |
| Texto da nota | Data Lançamento: 2007 |
| 333 ## - Nota relativa aos potenciais utilizadores | |
| Texto da nota | Classificação: M6 |
| 330 ## - Sumário ou Resumo | |
| Texto da nota | Com recurso à alta definição e a um orçamento sem precedentes, a série o Planeta Terra transporta-nos numa espectacular digressão pelos imensos habitats do nosso mundo e deslumbra-nos com imagens e efeitos de cortar a respiração. Da claustrofóbica escuridão dos oceanos profundos aos céus infinitos das grandes planícies, dos implacáveis e galopantes desertos às extensões polares geladas e cintilantes, nenhuma parte do nosso planeta ficou por explorar. |
| 327 1# - Nota de conteúdo | |
| Texto da nota | Conteúdo: Filme, "Making Off", Galeria de Fotografias |
| 304 ## - Notas relativas a título e menção de responsabilidade | |
| Texto da nota | Tít. orig.: |
| 606 ## - Nome comum usado como assunto | |
| Número de registo de entrada de autoridade | 0001280 |
| Palavra de ordem | Filme |
| Form Subdivision | Documentário |
| 610 ## - Termos de indexação não controlados | |
| Subject Term | DVD documentário |
| 675 ## - Classificação Decimal Universal (CDU) | |
| Notação | 791.229.2 |
| Edição | BN |
| Língua da edição | por |
| 942 ## - Elementos de entrada adicionados (Koha) | |
| Tipo de item no Koha | Livro |
| Situação do levantamento | Origin of item (home branch) (coded) | Biblioteca de empréstimo | Código de barras | Cota | Circulation type (not for loan) | Tipo de documento | Nota do exemplar | Damaged status |
|---|---|---|---|---|---|---|---|---|
| Biblioteca Escolar Eng. Nuno Mergulhão | Biblioteca Escolar Eng. Nuno Mergulhão | BENM1713 | NF 1705 TER | DVD | Sem mensagem |
